Joueurs passés par le FC Lorient - Mort subite - Statistiques

Statistiques générales
  • Ce quiz a été pris 596 fois
  • Le résultat moyen est 14 sur 20
Answers on the Grid
Answers color-coded by a green-red scale on the quiz's grid according to % correct below.
Vincent Aboubakar
Raphaël Guerreiro
Laurent Abergel
Kevin Gameiro
Mattéo Guendouzi
Terem Moffi
Armand Laurienté
Benjamin Mendy
Tiémoué Bakayoko
Romain Faivre
André-Pierre Gignac
Illan Meslier
Bamba Dieng
Pános Katséris
Marama Vahirua
Morgan Amalfitano
Fabien Lemoine
Montassar Talbi
Bamo Meïté
Adrian Grbić
Mahdi Camara
Yves Bissouma
Stéphane Moulin
Étienne Youté Kinkoué
Ryad Boudebouz
Zuriko Davitashvili
Djibril Cissé
M'Baye Niang
Tim Kleindienst
Marco Schällibaum
Stéphane Guivarc'h
Kenny Tete
 
Statistiques - réponses
Réponse % Correct
Benjamin Mendy
78%
Kevin Gameiro
78%
Terem Moffi
77%
Armand Laurienté
76%
Raphaël Guerreiro
75%
Bamba Dieng
73%
Laurent Abergel
72%
Fabien Lemoine
71%
Mattéo Guendouzi
71%
Romain Faivre
71%
André-Pierre Gignac
66%
Bamo Meïté
66%
Tiémoué Bakayoko
66%
Adrian Grbić
65%
Montassar Talbi
64%
Vincent Aboubakar
64%
Morgan Amalfitano
63%
Illan Meslier
58%
Marama Vahirua
53%
Pános Katséris
52%
Aucun quiz correspondant
Distribution des résultats
% des personnes avec chaque résultat
Percentile par nombre de réponses
Votre historique - résultats
Vous n’avez pas pris ce quiz